• 首页
  • 本馆介绍
  • 公告通知
  • 最新文献
  • 馆藏检索
  • 电子资源
  • 读者导购
  • 参考咨询
  • 我的图书馆
  • 登录
  • 详细信息显示
  • 放入我的书架
  • 预约/预借图书
  • 作者相关作品
  • 分类相关作品
  • 丛书相关作品
  • 出版社相关作品

书目信息

  • 表格格式
  • 工作单格式
  • 卡片格式
题名:
1981年初中生升学语文试题及参考答案
    
 
作者: ;河北省张家口地区行署教育局教研室 著
分册:  
出版信息: 石家庄   河北人民出版社  1982
页数: 68页
开本: 19cm
丛书名:
单 册:
中图分类: G634.3 , G633.3
科图分类:
主题词: 语文--初中--试题--升学参考资料
电子资源:
ISBN:
000 00818nam0 2200241 45
001 0182003857
005 20060808084707.68
010    @dCNY0.20
091    @a7086.1076
100    @a19950106d1982 demy0chiy0121 ea
101 0  @achi
102    @aCN@b130000
105    @ay q 000yy
200 10 @a1981年初中生升学语文试题及参考答案@A1981 nian chu zhong sheng sheng xue yu wen shi ti ji cen kao da an@f河北省张家口地区行署教育局教研室编
210    @a石家庄@c河北人民出版社@d1982
215    @a68页@d19cm
606    @a语文@x初中@x试题@x升学参考资料
690    @aG634.3@v3
690    @aG633.3
711 02 @a河北省张家口地区行署教育局教研室@Ahe bei sheng zhang jia kou di qu xing shu jiao yu ju jiao yan shi@4著
801  0 @aCN@b上海图书馆@c20060808
801  2 @aCN@bNLC@c20060721
905    @f5@b68836-840@dG633.3@e17
    
    1981年初中生升学语文试题及参考答案/河北省张家口地区行署教育局教研室编.-石家庄:河北人民出版社,1982
    68页;19cm
    
    
    ISBN :CNY0.20
    
●
相关链接 在E读中查询图书 在五车中查询图书 在当当中查询图书 在豆瓣中查询图书


正题名:1981年初中生升学语文试题及参考答案     索取号:G633.3/17         预约/预借

序号 登录号 条形码 馆藏地/架位号 状态 备注
1 0068836   000475523   第一样本阅览室/ [索取号:G633.3/17] 在馆    
2 0068837   000475603   密集书库/ [索取号:G633.3/17] 在馆    
3 0068838   000475569   密集书库/ [索取号:G633.3/17] 在馆    
4 0068839   000475444   密集书库/ [索取号:G633.3/17] 在馆    
5 0068840   000475480   密集书库/ [索取号:G633.3/17] 在馆    
6 0424944   204249447   密集书库/ [索取号:G633.3/17] 在馆    
7 0444921   204449212   密集书库/ [索取号:G633.3/17] 在馆    
唐山师范学院图书馆 欢迎您!
大连网信软件有限公司© 版权所有